书目信息 |
| 题名: |
生态旅游
|
|
| 作者: | 韦弗 ;杨桂华 | |
| 分册: | ||
| 出版信息: | 天津 南开大学出版社 2004 |
|
| 页数: | 519 | |
| 开本: | 19cm | |
| 丛书名: | ||
| 单 册: | ||
| 中图分类: | Q46 | |
| 科图分类: | ||
| 主题词: | 循环生理学 | |
| 电子资源: | ||
| ISBN: | 7-310-01995-3 | |
| 000 | 00543nam0 2200193 450 | |
| 001 | 1735846483 | |
| 005 | 20170410095726.48 | |
| 010 | @a7-310-01995-3 | |
| 100 | @a20170410d km y0chiy0120 ea | |
| 101 | 0 | @achi |
| 200 | 1 | @a生态旅游@Asheng tai lu you@f韦弗@Fwei fu@g杨桂华@Gyang gui hua |
| 210 | @a天津@c南开大学出版社@d2004 | |
| 215 | @a519@d19cm | |
| 606 | 0 | @a循环生理学 |
| 690 | @aQ46@v4 | |
| 701 | 0 | @a韦弗@Awei fu |
| 702 | 0 | @a杨桂华@Ayang gui hua |
| 801 | 0 | @aCN@b大连网信软件有限公司图书馆·11@c20170410 |
| 905 | @b6604194@dQ46@en2@f1 | |
| 生态旅游/韦弗/杨桂华.-天津:南开大学出版社,2004 |
| 519;19cm |
| ISBN 7-310-01995-3: |
| ● |
| 相关链接 |
|
|
|
|
正题名:生态旅游
索取号:Q46/n2
 
预约/预借
| 序号 | 登录号 | 条形码 | 馆藏地/架位号 | 状态 | 备注 |
| 1 | 6604194 | 266041945 | 密集书库-生命科学系/ [索取号:Q46/n2] | 在馆 |